Quizzes
Events
Quiz Creation
Community
Videos
Private Events
Remove Ads
Sign In
Join for FREE
Feedback
Dark Mode
Quiz Categories
Sports
Geography
Music
Movies
Television
Just For Fun
Miscellaneous
History
Literature
Language
Science
Gaming
Entertainment
Religion
Holiday
For Kids
Quiz Lab
Recent
Popular Today
Quiz Kudos Today
Editor Picks
Curator Picks
Quizzes by...
Day
Popularity
Type
Ratings
Length
Year
Community
Subscriptions
Recent Discussions
Orange Saloon
Badges
Playlists
Quests
Create
Leaderboards
Showdown
Live 5
Trivia Bingo
Activity
Puzzle Library
Sporcle Events
Private Events
Virtual Trivia
Globe League
Become a Host
Pub Owners
SporcleCon
Opinionation
Our Games
Videos
Blog
Mobile Apps
Partnerships
Remove Ads and Go Orange
Feedback
Movies
Disney
Marvel Cinematic Universe
Movie Resume
Movie Titles
Oscar
Actor
Actress
Director
Pixar
Role
Movie Quotes
Movie Characters
Box Office
Nominee
Best Picture
Star Wars
James Bond
Horror Movies
Movies
Disney
Marvel Cinematic Universe
Movie Resume
Movie Titles
Oscar
Actor
Actress
Director
Pixar
Role
Movie Quotes
Movie Characters
Box Office
Nominee
Best Picture
Star Wars
James Bond
Horror Movies
Random Quiz
Search Sporcle
×
Quiz Lab
Quiz Lab
Movies
Actress
Select answers by clicking on text or image buttons
Select answers by clicking on text or image buttons
Clickable
Best Score? Go Orange.
The Quotable Meryl Streep Stats
Can you pick the Movie the Meryl Streep Quote is From?
By
paultoes
10m
30 Questions
672 Plays
672 Plays
672 Plays
Comments
Comments
Give Quiz Kudos
Give Quiz Kudos
-
- Ratings
hide this ad
More Info
Forced Order
Answers have to be entered in order
Answers have to be entered in order
Replay
Link that replays current quiz
Next Quiz
Link to next quiz in quiz playlist
You Got
0%
They Got
Avg Score
65%
Avg Friend Score
Upgrade to see
Score Distribution
Jump to the score distribution portion of the page
Score
0/30
Timer
10:00
0
Plays Today
% Correct
The Devil Wears Prada (2006)
93.6%
Sophie's Choice (1982)
89.6%
A Cry in the Dark (1988)
86.5%
Out of Africa (1985)
85.6%
Music of the Heart (1999)
83.2%
Kramer vs. Kramer (1979)
79.6%
The River Wild (1994)
76.3%
The Manchurian Candidate (2004)
76.2%
A.I. Artificial Intelligence (2001)
74.9%
Silkwood (1983)
74.7%
Adaptation. (2002)
68.3%
It's Complicated (2009)
67.7%
Hope Springs (2012)
65.3%
A Prairie Home Companion (2006)
61.9%
Postcards from the Edge (1990)
61.6%
% Correct
Julie & Julia (2009)
61.3%
Mamma Mia (2008)
60.4%
The Iron Lady (2011)
60.3%
Death Becomes Her (1992)
59.8%
One True Thing (1998)
58.8%
Ironweed (1987)
58.6%
Fantastic Mr. Fox (2009)
56.8%
Defending Your Life (1991)
56.5%
The Deer Hunter (1978)
56.5%
The Bridges of Madison County (1995)
54%
The Hours (2002)
50.4%
Doubt (2008)
49.3%
Prime (2005)
48.7%
The French Lieutenant's Woman (1981)
45.5%
She-Devil (1989)
43.9%
Quiz Playlist
Details
Report
Send in Message
Add To Playlist
More Info:
Select the movie that featured the line of dialogue spoken by Meryl Streep.
Clickable:
Select answers by clicking on text or image buttons
Forced Order:
Answers have to be entered in order
Quiz Source
Last Updated: Feb 16, 2017
Quiz Scoreboard
CHALLENGE
Sign Up to Join the Scoreboard
Show All
Scores
Hide
Comments
May contain spoilers
Recently Published
Presidents Visiting Landmarks
by Hejman
History
7m
An Introduction to Baseball
by treessimontrees
Sports
5m
Movies - When Are They Set?
by FPL_Elf
Movies
5m
More to Explore
Quiz From the Vault
Featured Blog Post
Where Did the Easter Bunny Come From?
hide this ad
You Might Also Like...
Tags
Actress Quiz
Movie Quotes Quiz
Quote Quiz
dialogue
Meryl Streep
Movie Clue
Screenplay
Screenwriter
script
Today's Top Quizzes in Movies
Browse Movies
hide this ad
Today's Top Quizzes in Actress
Browse Actress
Top Contributed Quizzes in Movies
1
Pick 5 Posters: Directed by Spielberg
2
7-to-1: Pixar Characters
3
Pick 5 Posters: Lowest-Rated Spielberg
4
Pick 5 Posters: Directed by Scorsese
5
Pick 5 Posters: Star & Director
6
Sorting Actors
7
Sorting Actresses
8
12 Movies about Fictional 1960s Events
9
Multi-Oscar Nominations, One Movie, One Winner
10
Pick 5 Posters: Women Directed 2020s
Explore More
Trending Topics
Harry Potter
Marvel
Kpop
Anime
Crossword
Disney
NBA
Song
Pokémon
WWE
Soccer
Country
NFL
Puzzle
The Office
hide this ad
More By:
paultoes
Quiz
Plays
Rating
Category
Featured
Created
Movies by First Frame
174,434
4.12
Movies
May 18, 2014
1990s Movie Slideshow
149,807
4.50
Movies
Jul 31, 2013
1980s Movie Slideshow
135,548
4.76
Movies
Aug 4, 2013
1970s Movie Slideshow
114,997
4.65
Movies
Sep 7, 2013
Movies by First Frame II
114,208
4.15
Movies
May 18, 2014
Go to Creator's Profile
Score Distribution
Quiz Creator Spotlight
paultoes
Follow
Send a Message
Quizzes Created
-
Created Quiz Play Count
-
More By This Creator
Popular Quizzes Today
1
Find the US States - No Outlines Minefield
2
Find the Countries of Europe - No Outlines Minefield
3
The Countries of the World
4
Find the US States
5
Popular People in 1961
6
US States
7
Risky Map Clicking: Biggest States A-Z
8
1-10 Letter E Words III
More Movies Quizzes
Mini Letter Sudoku X
Quiz Lab
Trending Quizzes
Risky Map Clicking: Least Populous States A-Z
1-10 Letter G Words
1-10 Letter F Words
Risky Map Clicking: Next State Alphabetically
Risky Map Clicking: Biggest States A-Z
Recently Updated
Leaping Animals
pecheneg
Reality TV Shows (A-Z)
bhenderson79
Rickey Henderson's Hall of Fame Teammates
pecheneg
Champions League XIs: Arsenal
pecheneg
Quick Pick: Celebrities in WWE's Hall of Fame
aduchscher
A-Z Keypad Blitz II
pecheneg
Multiple Oscar Actors
pecheneg
Mystery Phrase Blitz: Oscar 'Best Actors'
pecheneg
F. Scott Fitzgerald Novels
LTH
Pick 3 Villains
ddd62291
Trending Topics
Marvel
Disney
Harry Potter
Anime
Kpop
Crossword
NBA
Country
WWE
Puzzle
Pokémon
Song
NFL
Soccer
The Office
Your Account Isn't Verified!
In order to create a playlist on Sporcle, you need to verify the email address you used during registration. Go to your
Sporcle Settings
to finish the process.
Report this User
Report this user for behavior that violates our
Community Guidelines
.
Details:
Send Report
Go to the Sporcle.com Mobile Site →
Comments